Reaction kinetics for chemical engineers (Record no. 12493)

000 -LEADER
fixed length control field 00585nam a22002051 4500
001 - CONTROL NUMBER
control field 12493
003 - CONTROL NUMBER IDENTIFIER
control field BD-DhUET
008 - FIXED-LENGTH DATA ELEMENTS--GENERAL INFORMATION
fixed length control field 720413s1959 nyua b 000 0 eng
040 ## - CATALOGING SOURCE
Original cataloging agency DLC
Transcribing agency DLC
Modifying agency BD-DhUET
082 ## - DEWEY DECIMAL CLASSIFICATION NUMBER
Classification number 660.2994
Item number WAL/1959
100 1# - MAIN ENTRY--PERSONAL NAME
Personal name Walas, Stanley M.
245 10 - TITLE STATEMENT
Title Reaction kinetics for chemical engineers
250 ## - EDITION STATEMENT
Edition statement 1st ed.
260 ## - PUBLICATION, DISTRIBUTION, ETC. (IMPRINT)
Place of publication, distribution, etc. New York
Name of publisher, distributor, etc. McGraw-Hill
Date of publication, distribution, etc. 1959
300 ## - PHYSICAL DESCRIPTION
Extent 338 p.
Other physical details ill.
490 ## - SERIES STATEMENT
Series statement McGraw - Hill chemical engineering series
504 ## - BIBLIOGRAPHY, ETC. NOTE
Bibliography, etc Includes bibliographies
650 #0 - SUBJECT ADDED ENTRY--TOPICAL TERM
Topical term or geographic name as entry element Kinetics : Reactions : Chemical Engineering
942 ## - ADDED ENTRY ELEMENTS (KOHA)
Koha item type General Book
Holdings
Koha full call number Lost status Koha normalized classification for sorting Source of classification or shelving scheme Date acquired Damaged status Piece designation (barcode) Location (home branch) Copy number Sublocation or collection (holding branch) Shelving location Withdrawn status Koha date last seen Koha item type Price effective from Not for loan
660.2994/WAL/1959 660_299400000000000_WAL_1959 2015-02-26 26073Central Library, BUET1Central Library, BUETCirculation section 2015-02-26General Book2015-02-26 
660.2994/WAL/1959 660_299400000000000_WAL_1959 2015-03-01 29882Central Library, BUET2Central Library, BUETCirculation section 2015-03-01General Book2015-03-01 
660.2994/WAL/1959 660_299400000000000_WAL_1959 2015-03-31 29878Central Library, BUET3Central Library, BUETCirculation section 2015-03-31General Book2015-03-31 
660.2994/WAL/1959 660_299400000000000_WAL_1959 2015-03-31 29875Central Library, BUET4Central Library, BUETCirculation section 2015-03-31General Book2015-03-31 
660.2994/WAL/1959 660_299400000000000_WAL_1959 2015-03-31 25893Central Library, BUET5Central Library, BUETCirculation section 2015-03-31General Book2015-03-31 
660.2994/WAL/1959 660_299400000000000_WAL_1959 2015-04-04 2114Central Library, BUET6Central Library, BUETCirculation section 2015-04-04General Book2015-04-04 
660.2994/WAL/1959 660_299400000000000_WAL_1959 2015-04-07 29874Central Library, BUET7Central Library, BUETCirculation section 2015-04-07General Book2015-04-07 
660.2994/WAL/1959 660_299400000000000_WAL_1959 2015-06-18 29881Central Library, BUET8Central Library, BUETReading section 2015-06-18Reading Item2015-06-18 
660.2994/WAL/1959 660_299400000000000_WAL_1959 2015-06-18 29879Central Library, BUET9Central Library, BUETReading section 2015-06-18Reading Item2015-06-18 
660.2994/WAL/1959 660_299400000000000_WAL_1959 2015-06-18 7899Central Library, BUET10Central Library, BUETReading section 2015-06-18Reading Item2015-06-18 
660.2994/WAL/1959 660_299400000000000_WAL_1959 2015-06-18 7900Central Library, BUET11Central Library, BUETReading section 2015-06-18Reading Item2015-06-18 
660.2994/WAL/1959 660_299400000000000_WAL_1959 2015-06-28 29880Central Library, BUET12Central Library, BUETReading section 2015-06-28Reading Item2015-06-28 
660.2994/WAL/1959 660_299400000000000_WAL_1959 2015-06-28 29876Central Library, BUET13Central Library, BUETReading section 2015-06-28Reading Item2015-06-28